| 000 | 00902nam a2200217Ia 4500 | ||
|---|---|---|---|
| 003 | Ost | ||
| 005 | 20260507075558.0 | ||
| 008 | 260507s9999||||xx |||||||||||||| ||und|| | ||
| 020 | _a9957072013 | ||
| 040 | _cfsecg | ||
| 041 | _aara | ||
| 082 | _a500 | ||
| 100 |
_aسمور، خالد قاسم _eمؤلف |
||
| 245 | 0 |
_aاساسيات التفاضل والتكامل / _c خالد قاسم سمور |
|
| 260 |
_aعمان: _bدار الفكر ناشرون وموزعون, _c2004 |
||
| 300 |
_a529 صفحة؛ _bإيضاحات ؛ _c24 سم |
||
| 504 | _aمراجع ص.529 | ||
| 520 | _aالاحداثيات و الرسم البياني و الخطوط المستقيمة كذلك الاقترانات و النهايات و الاتصال اضافة الى التفاضل و تطبيقاته و في الاخير التكامل. | ||
| 653 | _aالتفاضل و التكامل | ||
| 942 | _cكتاب | ||
| 999 |
_c44985 _d44985 |
||